[Event "Winnipeg TNT May op"]
[Site "Winnipeg CAN"]
[Date "2017.05.09"]
[Round "2"]
[White "Remillard, John"]
[Black "Lei, Yanyu"]
[Result "1-0"]
[WhiteElo "1644"]
[BlackElo "1262"]
[WhiteFideId "-1"]
[WhiteFideId "-1"]
[PlyCount "79"]
[GameId "2160767908411598"]
[EventDate "2017.05.02"]
[EventType "swiss"]
[EventRounds "5"]
[EventCountry "CAN"]
[SourceTitle "EXT 2022"]
[Source "ChessBase"]
[SourceDate "2021.10.06"]
[SourceVersion "1"]
[SourceVersionDate "2021.10.06"]
[SourceQuality "1"]

1. d4 Nf6 2. Nf3 g6 3. Bf4 Bg7 4. h3 O-O 5. e3 d5 6. Nbd2 Bf5 7. g4 Be4 8. Bg2 Nbd7 9. Nxe4 Nxe4 10. Nd2 c5 11. Nxe4 dxe4 12. Bxe4 Qa5+ 13. c3 Rfe8 14. O-O e5 15. dxe5 Nxe5 16. Bxe5 Bxe5 17. Qc2 Qc7 18. f4 Bg7 19. Rae1 Rad8 20. Bg2 Re7 21. e4 Red7 22. Re2 Qd6 23. e5 Qd3 24. Qxd3 Rxd3 25. Kh2 b5 26. Be4 Rd2 27. Rff2 Rxe2 28. Rxe2 f6 29. e6 a5 30. e7 Rb8 31. Bd5+ Kh8 32. e8=Q+ Rxe8 33. Rxe8+ Bf8 34. Rxf8+ Kg7 35. Rg8+ Kh6 36. h4 a4 37. Kh3 b4 38. g5+ fxg5 39. fxg5+ Kh5 40. Bf3# 1-0

[Event "Winnipeg TNT May op"]
[Site "Winnipeg CAN"]
[Date "2017.05.09"]
[Round "2"]
[White "Trueman, Francis"]
[Black "Czarny, Keith"]
[Result "0-1"]
[WhiteElo "1434"]
[BlackElo "1649"]
[WhiteFideId "-1"]
[WhiteFideId "-1"]
[PlyCount "78"]
[GameId "2160767908411599"]
[EventDate "2017.05.02"]
[EventType "swiss"]
[EventRounds "5"]
[EventCountry "CAN"]
[SourceTitle "EXT 2022"]
[Source "ChessBase"]
[SourceDate "2021.10.06"]
[SourceVersion "1"]
[SourceVersionDate "2021.10.06"]
[SourceQuality "1"]

1. e4 Nf6 2. d3 d6 3. Nd2 g6 4. Ngf3 Bg7 5. g3 O-O 6. Bg2 c5 7. a4 Nc6 8. c3 Bd7 9. O-O Qc8 10. Re1 Bg4 11. Qc2 Rb8 12. Nc4 Qc7 13. h3 Bd7 14. Ne3 a6 15. Bd2 b5 16. axb5 axb5 17. g4 b4 18. Nd5 Qd8 19. cxb4 cxb4 20. Ne3 Rc8 21. Qd1 Ne8 22. Rb1 Nc7 23. Nc2 Na6 24. Qe2 Be6 25. d4 b3 26. Na1 Ncb4 27. d5 Bd7 28. Nxb3 Qb6 29. Be3 Qb7 30. Nfd4 Nc5 31. Nxc5 dxc5 32. Nb3 Bb5 33. Qd2 Na6 34. Bf4 Ba4 35. Na5 Qb4 36. Qxb4 Nxb4 37. Re2 c4 38. Ra1 Bb5 39. Rd2 c3 0-1

[Event "Winnipeg TNT May op"]
[Site "Winnipeg CAN"]
[Date "2017.05.09"]
[Round "2"]
[White "Wolchock, Theo"]
[Black "Wiebe, Isaac"]
[Result "1/2-1/2"]
[WhiteElo "2071"]
[BlackElo "2243"]
[WhiteFideId "-1"]
[WhiteFideId "-1"]
[PlyCount "45"]
[GameId "2160767908411600"]
[EventDate "2017.05.02"]
[EventType "swiss"]
[EventRounds "5"]
[EventCountry "CAN"]
[SourceTitle "EXT 2022"]
[Source "ChessBase"]
[SourceDate "2021.10.06"]
[SourceVersion "1"]
[SourceVersionDate "2021.10.06"]
[SourceQuality "1"]

1. c4 f5 2. Nc3 Nf6 3. d3 d6 4. e4 e5 5. f4 Nc6 6. Nf3 Be7 7. Be2 O-O 8. O-O fxe4 9. dxe4 exf4 10. Bxf4 Kh8 11. Nd4 Nxd4 12. Qxd4 Be6 13. Rad1 Qe8 14. Nd5 Nxd5 15. exd5 Bf6 16. Qd2 Bf7 17. Bd3 Bg6 18. Rde1 Qf7 19. Bg3 Rae8 20. Rxe8 Rxe8 21. Bh4 Bxd3 22. Qxd3 Qe7 23. Re1 1/2-1/2

[Event "Winnipeg TNT May op"]
[Site "Winnipeg CAN"]
[Date "2017.05.16"]
[Round "3"]
[White "Baron, Gustav"]
[Black "Swift, Ryne"]
[Result "1-0"]
[WhiteElo "2128"]
[BlackElo "1913"]
[WhiteFideId "-1"]
[WhiteFideId "-1"]
[PlyCount "141"]
[GameId "2160767908411601"]
[EventDate "2017.05.02"]
[EventType "swiss"]
[EventRounds "5"]
[EventCountry "CAN"]
[SourceTitle "EXT 2022"]
[Source "ChessBase"]
[SourceDate "2021.10.06"]
[SourceVersion "1"]
[SourceVersionDate "2021.10.06"]
[SourceQuality "1"]

1. d4 d5 2. c4 e6 3. Nc3 Nf6 4. cxd5 exd5 5. Bg5 Be7 6. e3 Bf5 7. Bxf6 Bxf6 8. Qb3 b6 9. Qxd5 Qxd5 10. Nxd5 Bd8 11. Rc1 c6 12. Nb4 Bd7 13. Bd3 a5 14. Nc2 Be6 15. a3 Nd7 16. Be4 Rc8 17. Ne2 f5 18. Bd3 g6 19. Nf4 Bf7 20. O-O O-O 21. b4 Bc7 22. Ne2 Bd6 23. Nc3 axb4 24. Nxb4 c5 25. Nb5 Be7 26. Nc2 Ra8 27. Nc7 Ra7 28. Nb5 Ra5 29. Nc3 cxd4 30. Nxd4 Bxa3 31. Ra1 Ne5 32. Be2 Bb4 33. Rxa5 bxa5 34. Ncb5 Rc8 35. Ra1 Bc4 36. Rc1 Rc5 37. Bxc4+ Rxc4 38. Ra1 Nc6 39. Kf1 Kf7 40. Ke2 Nxd4+ 41. Nxd4 Rc8 42. h4 Ke7 43. g3 Kd7 44. h5 Bc3 45. Ra4 Bxd4 46. exd4 Ra8 47. hxg6 hxg6 48. Kd3 Kc6 49. Kc4 Kb6 50. Kd5 Kb5 51. Ra2 Rd8+ 52. Ke5 a4 53. d5 Kb4 54. d6 Kb3 55. Ra1 a3 56. Ke6 Kb2 57. Rd1 a2 58. d7 a1=Q 59. Rxa1 Kxa1 60. f4 Rh8 61. Ke7 Rh7+ 62. Kd6 Rh8 63. Kc7 Rh3 64. d8=Q Rxg3 65. Qd4+ Kb1 66. Kd6 Kc1 67. Ke5 Rg4 68. Qf2 Kd1 69. Kd4 g5 70. Kd3 Rxf4 71. Qd2# 1-0

[Event "Winnipeg TNT May op"]
[Site "Winnipeg CAN"]
[Date "2017.05.16"]
[Round "3"]
[White "Beach, Brock"]
[Black "Remillard, John"]
[Result "1-0"]
[WhiteElo "1865"]
[BlackElo "1644"]
[WhiteFideId "-1"]
[WhiteFideId "-1"]
[PlyCount "83"]
[GameId "2160767908411602"]
[EventDate "2017.05.02"]
[EventType "swiss"]
[EventRounds "5"]
[EventCountry "CAN"]
[SourceTitle "EXT 2022"]
[Source "ChessBase"]
[SourceDate "2021.10.06"]
[SourceVersion "1"]
[SourceVersionDate "2021.10.06"]
[SourceQuality "1"]

1. d4 c5 2. d5 a6 3. c4 e5 4. e4 d6 5. f4 exf4 6. Bxf4 Nf6 7. Bd3 Bg4 8. Nf3 Nh5 9. Be3 Qf6 10. O-O Qxb2 11. Nbd2 Qc3 12. Rb1 Qa5 13. h3 Bc8 14. Ng5 Nf6 15. Nxf7 Kxf7 16. e5 dxe5 17. Ne4 Nbd7 18. Qh5+ Kg8 19. Nxf6+ Nxf6 20. Qxe5 Qd8 21. Bg5 Qd6 22. Qe2 h6 23. Bf4 Qd8 24. Bg6 b6 25. Rbe1 Ra7 26. Qd3 Bd6 27. Bc1 Re7 28. Rd1 Be5 29. Qf3 Qd6 30. Kh1 Bd7 31. h4 Bg4 32. Qd3 Bxd1 33. Qxd1 Nd7 34. Qg4 h5 35. Bxh5 Rxh5 36. Qxh5 Nf6 37. Qf5 b5 38. cxb5 axb5 39. h5 Nh7 40. Qc8+ Nf8 41. Rxf8+ Kh7 42. Rh8# 1-0

[Event "Winnipeg TNT May op"]
[Site "Winnipeg CAN"]
[Date "2017.05.16"]
[Round "3"]
[White "Bince, Rolando"]
[Black "Einarsson, Ken"]
[Result "0-1"]
[WhiteElo "2085"]
[BlackElo "1752"]
[WhiteFideId "-1"]
[WhiteFideId "-1"]
[PlyCount "68"]
[GameId "2160767908411603"]
[EventDate "2017.05.02"]
[EventType "swiss"]
[EventRounds "5"]
[EventCountry "CAN"]
[SourceTitle "EXT 2022"]
[Source "ChessBase"]
[SourceDate "2021.10.06"]
[SourceVersion "1"]
[SourceVersionDate "2021.10.06"]
[SourceQuality "1"]

1. e4 c6 2. d4 d5 3. Nc3 dxe4 4. Nxe4 Bf5 5. Ng3 Bg6 6. h4 h6 7. Nf3 e6 8. Bd3 Bxd3 9. Qxd3 Be7 10. Nh5 Qa5+ 11. Bd2 Qxh5 12. g4 Qb5 13. c4 Qb6 14. O-O Nf6 15. g5 hxg5 16. Bxg5 Qc7 17. Kg2 Nh5 18. Qd2 Bxg5 19. Qxg5 Nf4+ 20. Kh1 Nd7 21. Ne5 Nxe5 22. Qxf4 Qe7 23. Kg2 Ng6 24. Qe3 Qxh4 25. Rg1 O-O-O 26. d5 Qxc4 27. dxc6 Nf4+ 28. Kf3 Rh3+ 29. Rg3 Rxg3+ 30. fxg3 Rd3 31. cxb7+ Kxb7 32. gxf4 Rxe3+ 33. Kxe3 Qc2 34. Rh1 Qxb2 0-1

[Event "Winnipeg TNT May op"]
[Site "Winnipeg CAN"]
[Date "2017.05.16"]
[Round "3"]
[White "Clark, Jeff"]
[Black "Wolchock, Theo"]
[Result "0-1"]
[WhiteElo "2010"]
[BlackElo "2071"]
[WhiteFideId "-1"]
[WhiteFideId "-1"]
[PlyCount "76"]
[GameId "2160767908411604"]
[EventDate "2017.05.02"]
[EventType "swiss"]
[EventRounds "5"]
[EventCountry "CAN"]
[SourceTitle "EXT 2022"]
[Source "ChessBase"]
[SourceDate "2021.10.06"]
[SourceVersion "1"]
[SourceVersionDate "2021.10.06"]
[SourceQuality "1"]

1. Nc3 c5 2. d4 cxd4 3. Qxd4 Nc6 4. Qh4 d5 5. Bg5 f6 6. Bd2 e5 7. e4 dxe4 8. Qxe4 Nge7 9. Nf3 Bf5 10. Qa4 Bd7 11. Qe4 Bf5 12. Qa4 Bd7 13. Qe4 Nf5 14. Bd3 Be7 15. Qg4 g6 16. Nh4 Nxh4 17. Qxh4 f5 18. Qh6 Nb4 19. Qe3 Nxd3+ 20. Qxd3 Bc6 21. Qxd8+ Rxd8 22. f3 Bh4+ 23. g3 Be7 24. Rf1 Kf7 25. O-O-O a6 26. Be3 Rxd1+ 27. Kxd1 Rd8+ 28. Kc1 Bb4 29. a3 Be7 30. Ne2 Bf6 31. Ng1 Bg7 32. h4 h6 33. Rd1 Re8 34. Bd2 e4 35. Bc3 Bxc3 36. bxc3 exf3 37. Rf1 f2 38. Nh3 Re1+ 0-1

[Event "Winnipeg TNT May op"]
[Site "Winnipeg CAN"]
[Date "2017.05.16"]
[Round "3"]
[White "Czarny, Keith"]
[Black "Goodman, Clifford"]
[Result "1/2-1/2"]
[WhiteElo "1649"]
[BlackElo "1611"]
[WhiteFideId "-1"]
[WhiteFideId "-1"]
[PlyCount "138"]
[GameId "2160767908411605"]
[EventDate "2017.05.02"]
[EventType "swiss"]
[EventRounds "5"]
[EventCountry "CAN"]
[SourceTitle "EXT 2022"]
[Source "ChessBase"]
[SourceDate "2021.10.06"]
[SourceVersion "1"]
[SourceVersionDate "2021.10.06"]
[SourceQuality "1"]

1. Nf3 Nf6 2. c4 c5 3. Nc3 Nc6 4. g3 g6 5. Bg2 Bg7 6. O-O O-O 7. d3 d5 8. cxd5 Nxd5 9. Nxd5 Qxd5 10. Nd2 Qh5 11. Ne4 Rd8 12. Bf3 Qe5 13. Bg2 Qh5 14. Rb1 c4 15. Qc2 cxd3 16. exd3 Bh3 17. Bf4 Bxg2 18. Kxg2 Qd5 19. f3 Qxd3 20. Qxd3 Rxd3 21. Rf2 b6 22. Rc2 Nb4 23. Rd2 Rxd2+ 24. Bxd2 Nd3 25. Bc3 Bxc3 26. Nxc3 Nc5 27. Rd1 Kf8 28. b4 Ne6 29. Rd2 Rd8 30. Re2 h5 31. Nb5 a6 32. Na3 h4 33. Rc2 hxg3 34. hxg3 b5 35. Nb1 Ke8 36. Nd2 Nd4 37. Rb2 Nc6 38. Ne4 Ne5 39. Rc2 Nc4 40. Re2 f5 41. Nc5 Rd6 42. f4 a5 43. bxa5 Nxa5 44. Rb2 Nc4 45. Rxb5 Rd2+ 46. Kh3 Rxa2 47. Rb8+ Kf7 48. Nd7 Ke6 49. Nf8+ Kf7 50. Nh7 Ne3 51. Ng5+ Kg7 52. Rb1 Ng4 53. Nf3 Ra3 54. Ng5 Ra2 55. Nf3 Ra3 56. Nh4 Nf2+ 57. Kg2 Ne4 58. Nf3 Rxf3 59. Rb7 Rf2+ 60. Kg1 Kf6 61. Rb6+ e6 62. Rb4 Rf3 63. Rb8 Rxg3+ 64. Kh1 Rg4 65. Rb3 Rxf4 66. Ra3 Nf2+ 67. Kh2 Rg4 68. Ra2 Nd3 69. Rf2 Nxf2 1/2-1/2

[Event "Winnipeg TNT May op"]
[Site "Winnipeg CAN"]
[Date "2017.05.16"]
[Round "3"]
[White "Czypinski, Jaroslaw"]
[Black "Wiebe, Isaac"]
[Result "0-1"]
[WhiteElo "1988"]
[BlackElo "2243"]
[WhiteFideId "-1"]
[WhiteFideId "-1"]
[PlyCount "68"]
[GameId "2160767908411606"]
[EventDate "2017.05.02"]
[EventType "swiss"]
[EventRounds "5"]
[EventCountry "CAN"]
[SourceTitle "EXT 2022"]
[Source "ChessBase"]
[SourceDate "2021.10.06"]
[SourceVersion "1"]
[SourceVersionDate "2021.10.06"]
[SourceQuality "1"]

1. Nf3 c5 2. e4 g6 3. d4 cxd4 4. Nxd4 Bg7 5. c4 Nc6 6. Nxc6 bxc6 7. Be2 Nf6 8. Nc3 O-O 9. O-O Qc7 10. Be3 Rb8 11. Qd2 Rd8 12. Rac1 Qb7 13. b3 d6 14. h3 Be6 15. Bf3 Nd7 16. Rfd1 Ne5 17. Be2 c5 18. f4 Nc6 19. Bf3 Nd4 20. Qf2 Bd7 21. Kh2 Bc6 22. Rf1 Rf8 23. Kg1 Rbe8 24. Kh2 f5 25. exf5 Nxf3+ 26. gxf3 Rxf5 27. Qg2 e5 28. Ne4 Qc7 29. fxe5 Bxe5+ 30. Kh1 Ref8 31. Nd2 Qf7 32. Bh6 Re8 33. Rce1 Rh5 34. Bg5 Qf5 0-1

[Event "Winnipeg TNT May op"]
[Site "Winnipeg CAN"]
[Date "2017.05.16"]
[Round "3"]
[White "Gannon, Keith"]
[Black "Khedkar, Jay"]
[Result "0-1"]
[WhiteElo "1630"]
[BlackElo "2033"]
[WhiteFideId "-1"]
[WhiteFideId "-1"]
[PlyCount "104"]
[GameId "2160767908411607"]
[EventDate "2017.05.02"]
[EventType "swiss"]
[EventRounds "5"]
[EventCountry "CAN"]
[SourceTitle "EXT 2022"]
[Source "ChessBase"]
[SourceDate "2021.10.06"]
[SourceVersion "1"]
[SourceVersionDate "2021.10.06"]
[SourceQuality "1"]

1. e4 e5 2. Nf3 Nf6 3. Nc3 Bb4 4. d3 d6 5. Bd2 O-O 6. Be2 Nc6 7. O-O Re8 8. a3 Ba5 9. Re1 Ne7 10. b4 Bb6 11. h3 c6 12. Na4 Bc7 13. c4 Ng6 14. Bg5 h6 15. Bxf6 Qxf6 16. Rc1 Nf4 17. b5 Qg6 18. Nh4 Qg5 19. g3 Nxh3+ 20. Kg2 Qf6 21. Rf1 Ng5 22. Bg4 Ne6 23. Qf3 Qxf3+ 24. Nxf3 g6 25. Rh1 Kg7 26. Rh2 Bd7 27. Rch1 Rh8 28. bxc6 bxc6 29. Nc3 Rab8 30. Nd2 Rb2 31. Ncb1 h5 32. Bxe6 Bxe6 33. Rf1 Rhb8 34. f4 Ba5 35. Rf2 Bb6 36. Rf1 Be3 37. Kh1 Bg4 38. fxe5 dxe5 39. a4 Rd8 40. a5 Rxd3 41. a6 Bxd2 42. Nxd2 Rdxd2 43. Rxd2 Rxd2 44. Rb1 Rd1+ 45. Rxd1 Bxd1 46. Kg2 Be2 47. c5 g5 48. Kf2 Bxa6 49. Ke3 Kg6 50. Kd2 f5 51. exf5+ Kxf5 52. Ke3 Bc4 0-1

[Event "Winnipeg TNT May op"]
[Site "Winnipeg CAN"]
[Date "2017.05.16"]
[Round "3"]
[White "Lei, Yanyu"]
[Black "Trueman, Francis"]
[Result "0-1"]
[WhiteElo "1262"]
[BlackElo "1434"]
[WhiteFideId "-1"]
[WhiteFideId "-1"]
[PlyCount "99"]
[GameId "2160767908411608"]
[EventDate "2017.05.02"]
[EventType "swiss"]
[EventRounds "5"]
[EventCountry "CAN"]
[SourceTitle "EXT 2022"]
[Source "ChessBase"]
[SourceDate "2021.10.06"]
[SourceVersion "1"]
[SourceVersionDate "2021.10.06"]
[SourceQuality "1"]

1. d4 Nf6 2. c4 d6 3. Nc3 g6 4. Bg5 Bg7 5. e3 O-O 6. Bd3 Nbd7 7. Nge2 e5 8. Qd2 h6 9. Bh4 Re8 10. O-O-O c6 11. f3 a5 12. g4 g5 13. Bf2 Nf8 14. f4 Nxg4 15. Rdf1 Nxf2 16. Rxf2 exd4 17. exd4 Ne6 18. f5 Nxd4 19. Nxd4 Bxd4 20. Rf3 f6 21. h4 Qe7 22. hxg5 Be3 23. Rxe3 Qxe3 24. Kc2 Qxd2+ 25. Kxd2 hxg5 26. Ne4 Kg7 27. Nxd6 Rd8 28. Nxc8 Raxc8 29. Kc3 c5 30. Be4 b6 31. Kb3 Rd4 32. Bd5 Rd2 33. Rb1 g4 34. Ka4 g3 35. Kb5 Rb8 36. a3 g2 37. Rg1 Rxb2+ 38. Ka4 b5+ 39. cxb5 R8xb5 40. Bxg2 Rb8 41. Kxa5 Kf8 42. Rh1 Kg7 43. Rg1 Kf8 44. Rh1 Ke7 45. Bd5 Kd6 46. Be4 Re8 47. Rd1+ Ke5 48. Re1 Kf4 49. Rc1 Kxe4 50. Rxc5 0-1

[Event "Winnipeg TNT May op"]
[Site "Winnipeg CAN"]
[Date "2017.05.16"]
[Round "3"]
[White "Letain, Cory"]
[Black "Piche, Zachary"]
[Result "0-1"]
[WhiteElo "1699"]
[BlackElo "1372"]
[WhiteFideId "-1"]
[WhiteFideId "-1"]
[PlyCount "84"]
[GameId "2160767908411609"]
[EventDate "2017.05.02"]
[EventType "swiss"]
[EventRounds "5"]
[EventCountry "CAN"]
[SourceTitle "EXT 2022"]
[Source "ChessBase"]
[SourceDate "2021.10.06"]
[SourceVersion "1"]
[SourceVersionDate "2021.10.06"]
[SourceQuality "1"]

1. e4 c5 2. d4 cxd4 3. c3 Nf6 4. e5 Nd5 5. Qxd4 e6 6. Qd1 Nc6 7. Nf3 Bc5 8. Bb5 Qb6 9. Nd4 Nxd4 10. cxd4 Bxd4 11. Qe2 O-O 12. O-O d6 13. exd6 Qxd6 14. Rd1 Be5 15. h3 a6 16. Bc4 Bd7 17. a3 Bc6 18. Qd3 Qc5 19. Bxd5 Bxd5 20. Be3 Qc6 21. Rc1 Qd6 22. Nc3 Rfd8 23. Rd1 Qc6 24. Nxd5 Rxd5 25. Qe2 Rad8 26. Re1 Bd4 27. Rac1 Qb6 28. Bxd4 Rxd4 29. Qe3 Qd6 30. Rc3 Rd2 31. b4 h6 32. g3 Rd1 33. Kf1 Rxe1+ 34. Qxe1 Qd5 35. h4 Qh1+ 36. Ke2 Qe4+ 37. Re3 Qc4+ 38. Kf3 Qd5+ 39. Ke2 Qh5+ 40. f3 Qd5 41. Kf1 Qc4+ 42. Qe2 Qc1+ 0-1

[Event "Winnipeg TNT May op"]
[Site "Winnipeg CAN"]
[Date "2017.05.16"]
[Round "3"]
[White "Ma, Derek"]
[Black "Babb, Jeff"]
[Result "1-0"]
[WhiteElo "1893"]
[BlackElo "2132"]
[WhiteFideId "-1"]
[WhiteFideId "-1"]
[PlyCount "63"]
[GameId "2160767908411610"]
[EventDate "2017.05.02"]
[EventType "swiss"]
[EventRounds "5"]
[EventCountry "CAN"]
[SourceTitle "EXT 2022"]
[Source "ChessBase"]
[SourceDate "2021.10.06"]
[SourceVersion "1"]
[SourceVersionDate "2021.10.06"]
[SourceQuality "1"]

1. e4 e5 2. f4 exf4 3. Bc4 Nf6 4. Nc3 d6 5. d4 c6 6. Bxf4 Be7 7. e5 dxe5 8. dxe5 Qxd1+ 9. Rxd1 Nh5 10. Be3 g6 11. Nge2 O-O 12. O-O Ng7 13. Bh6 Be6 14. Bxe6 fxe6 15. Rxf8+ Kxf8 16. Nf4 Kf7 17. Bxg7 g5 18. Nh5 Kg6 19. g4 b5 20. Bf6 Bc5+ 21. Kg2 Bb6 22. Ne4 h6 23. Bd8 Kf7 24. Bxb6 axb6 25. a3 Ke7 26. Nhf6 Ra4 27. Kf3 b4 28. axb4 Rxb4 29. b3 Rb5 30. Ra1 Ra5 31. Rxa5 bxa5 32. Nc5 1-0

[Event "Winnipeg TNT May op"]
[Site "Winnipeg CAN"]
[Date "2017.05.16"]
[Round "3"]
[White "Magyar, Peter"]
[Black "Reimer, Bruce"]
[Result "0-1"]
[WhiteElo "1522"]
[BlackElo "1696"]
[WhiteFideId "-1"]
[WhiteFideId "-1"]
[PlyCount "107"]
[GameId "2160767908411611"]
[EventDate "2017.05.02"]
[EventType "swiss"]
[EventRounds "5"]
[EventCountry "CAN"]
[SourceTitle "EXT 2022"]
[Source "ChessBase"]
[SourceDate "2021.10.06"]
[SourceVersion "1"]
[SourceVersionDate "2021.10.06"]
[SourceQuality "1"]

1. d4 g6 2. Bf4 Bg7 3. e3 d6 4. Nf3 a6 5. Be2 b5 6. Nbd2 Bb7 7. c3 Nd7 8. O-O Ngf6 9. h3 c5 10. Rc1 O-O 11. Re1 Qa5 12. a3 Rfc8 13. Bd3 Rc7 14. e4 cxd4 15. cxd4 Rxc1 16. Qxc1 Rc8 17. Qd1 Nh5 18. Bh2 e5 19. d5 Bh6 20. Be2 Qc7 21. h4 Nhf6 22. Ng5 Qc2 23. b3 Bxg5 24. hxg5 Nxe4 25. Nxe4 Qxe4 26. Bxb5 Qxe1+ 27. Qxe1 axb5 28. Kh1 Nc5 29. Qd1 Ne4 30. Qe2 Rc1+ 31. Bg1 Bxd5 32. Kh2 Nc3 33. Qb2 Rxg1 34. Kxg1 Ne4 35. Qc1 Bxb3 36. Qc8+ Kg7 37. Qd8 d5 38. f3 Nc3 39. Qf6+ Kf8 40. Qxe5 Nb1 41. Qb8+ Kg7 42. Qxb5 Bc2 43. Qxd5 Nxa3 44. Qe5+ Kg8 45. Qb8+ Kg7 46. Qb2+ Kg8 47. Qxa3 Bd1 48. Qd6 Be2 49. Qd8+ Kg7 50. Qf6+ Kg8 51. Qe7 Bb5 52. Kf2 Ba6 53. Qd8+ Kg7 54. Qf6+ 0-1

[Event "Winnipeg TNT May op"]
[Site "Winnipeg CAN"]
[Date "2017.05.16"]
[Round "3"]
[White "Rutter, Blair"]
[Black "Kernetsky, Myron"]
[Result "1/2-1/2"]
[WhiteElo "2038"]
[BlackElo "2125"]
[WhiteFideId "-1"]
[WhiteFideId "-1"]
[PlyCount "82"]
[GameId "2160767908411612"]
[EventDate "2017.05.02"]
[EventType "swiss"]
[EventRounds "5"]
[EventCountry "CAN"]
[SourceTitle "EXT 2022"]
[Source "ChessBase"]
[SourceDate "2021.10.06"]
[SourceVersion "1"]
[SourceVersionDate "2021.10.06"]
[SourceQuality "1"]

1. c4 c5 2. g3 Nc6 3. Nc3 g6 4. Bg2 Bg7 5. e4 e5 6. Nge2 d6 7. O-O Nge7 8. h3 Be6 9. d3 Qd7 10. Kh2 f5 11. f4 O-O 12. Be3 Nd4 13. Qd2 Rab8 14. Rab1 Nec6 15. b3 a6 16. Nd5 b5 17. fxe5 dxe5 18. Bxd4 cxd4 19. Ng1 h6 20. Qe2 Rf7 21. Rbc1 Rbf8 22. cxb5 axb5 23. Rc5 fxe4 24. Rxf7 Rxf7 25. Bxe4 Nd8 26. Qc2 Kh7 27. g4 Bf8 28. Rc7 Qd6 29. Rxf7+ Bxf7 30. Qg2 Kg7 31. Ne2 b4 32. Ng3 Ne6 33. Nf5+ gxf5 34. gxf5+ Ng5 35. h4 Bxd5 36. hxg5 hxg5 37. Qxg5+ Kh8 38. Qh5+ Kg8 39. Qg5+ Kh8 40. Qh5+ Kg8 41. Qg5+ Kh8 1/2-1/2

[Event "Winnipeg TNT May op"]
[Site "Winnipeg CAN"]
[Date "2017.05.23"]
[Round "4"]
[White "Babb, Jeff"]
[Black "Czypinski, Jaroslaw"]
[Result "1-0"]
[WhiteElo "2132"]
[BlackElo "1988"]
[WhiteFideId "-1"]
[WhiteFideId "-1"]
[PlyCount "69"]
[GameId "2160767908411614"]
[EventDate "2017.05.02"]
[EventType "swiss"]
[EventRounds "5"]
[EventCountry "CAN"]
[SourceTitle "EXT 2022"]
[Source "ChessBase"]
[SourceDate "2021.10.06"]
[SourceVersion "1"]
[SourceVersionDate "2021.10.06"]
[SourceQuality "1"]

1. f4 d5 2. e3 Nf6 3. Nf3 Nc6 4. Bb5 a6 5. Bxc6+ bxc6 6. b3 Bg4 7. h3 Bxf3 8. Qxf3 e6 9. Bb2 Be7 10. O-O g6 11. d3 O-O 12. Nd2 c5 13. Rad1 c6 14. e4 c4 15. e5 Nh5 16. dxc4 Bc5+ 17. Kh2 Qb6 18. g4 Ng7 19. a3 Be3 20. Qe2 Bxd2 21. Rxd2 Rfd8 22. cxd5 cxd5 23. Bd4 Qc7 24. Qe3 Rdc8 25. a4 h5 26. Rg2 hxg4 27. hxg4 a5 28. Kg1 Kf8 29. f5 gxf5 30. Qh6 Ke7 31. Qxg7 Rg8 32. Qf6+ Ke8 33. Rff2 Rc8 34. gxf5 Rxg2+ 35. Rxg2 1-0

[Event "Winnipeg TNT May op"]
[Site "Winnipeg CAN"]
[Date "2017.05.23"]
[Round "4"]
[White "Goodman, Clifford"]
[Black "Gannon, Keith"]
[Result "1-0"]
[WhiteElo "1611"]
[BlackElo "1630"]
[WhiteFideId "-1"]
[WhiteFideId "-1"]
[PlyCount "47"]
[GameId "2160767908411615"]
[EventDate "2017.05.02"]
[EventType "swiss"]
[EventRounds "5"]
[EventCountry "CAN"]
[SourceTitle "EXT 2022"]
[Source "ChessBase"]
[SourceDate "2021.10.06"]
[SourceVersion "1"]
[SourceVersionDate "2021.10.06"]
[SourceQuality "1"]

1. d4 d5 2. c4 e6 3. Nf3 Nc6 4. cxd5 exd5 5. Bf4 Nf6 6. e3 Bb4+ 7. Nbd2 Ne4 8. a3 Bxd2+ 9. Nxd2 Nxd2 10. Qxd2 O-O 11. Bd3 Re8 12. O-O a6 13. Rac1 Bd7 14. b4 b5 15. Rc5 Rb8 16. Rfc1 Rb7 17. Rxd5 Qc8 18. Rdc5 Re6 19. d5 Rf6 20. dxc6 Bxc6 21. Rxc6 Rxc6 22. Rxc6 Qd7 23. Bxh7+ Kxh7 24. Qxd7 1-0

[Event "Winnipeg TNT May op"]
[Site "Winnipeg CAN"]
[Date "2017.05.23"]
[Round "4"]
[White "Kernetsky, Myron"]
[Black "Leaden, Bruce"]
[Result "1-0"]
[WhiteElo "2125"]
[BlackElo "1428"]
[WhiteFideId "-1"]
[WhiteFideId "-1"]
[PlyCount "65"]
[GameId "2160767908411616"]
[EventDate "2017.05.02"]
[EventType "swiss"]
[EventRounds "5"]
[EventCountry "CAN"]
[SourceTitle "EXT 2022"]
[Source "ChessBase"]
[SourceDate "2021.10.06"]
[SourceVersion "1"]
[SourceVersionDate "2021.10.06"]
[SourceQuality "1"]

1. d4 e6 2. Nf3 f5 3. Bf4 Nf6 4. e3 Be7 5. h3 O-O 6. Bd3 b6 7. c4 Bb7 8. O-O d6 9. Nbd2 Nbd7 10. Qc2 Ne4 11. Nxe4 fxe4 12. Bxe4 Bxe4 13. Qxe4 Nf6 14. Qxe6+ Kh8 15. Rad1 Nh5 16. Bh2 Rf6 17. Qe4 Rg6 18. d5 Qd7 19. Kh1 Re8 20. Nd4 Bf6 21. Qf3 Bxd4 22. Rxd4 Nf6 23. b3 Qe7 24. Qe2 a5 25. Re1 Ne4 26. f3 Ng3+ 27. Bxg3 Rxg3 28. Re4 Qf7 29. Rxe8+ Qxe8 30. Qf2 Rg6 31. e4 Rf6 32. Qd4 h6 33. Re3 1-0

[Event "Winnipeg TNT May op"]
[Site "Winnipeg CAN"]
[Date "2017.05.23"]
[Round "4"]
[White "Khedkar, Jay"]
[Black "Ma, Derek"]
[Result "1-0"]
[WhiteElo "2033"]
[BlackElo "1893"]
[WhiteFideId "-1"]
[WhiteFideId "-1"]
[PlyCount "77"]
[GameId "2160767908411617"]
[EventDate "2017.05.02"]
[EventType "swiss"]
[EventRounds "5"]
[EventCountry "CAN"]
[SourceTitle "EXT 2022"]
[Source "ChessBase"]
[SourceDate "2021.10.06"]
[SourceVersion "1"]
[SourceVersionDate "2021.10.06"]
[SourceQuality "1"]

1. d4 Nf6 2. c4 c5 3. Nf3 cxd4 4. Nxd4 e5 5. Nc2 a5 6. Nc3 Bc5 7. Be3 Bxe3 8. Nxe3 O-O 9. g3 Nc6 10. Bg2 Qb6 11. Qd2 d6 12. O-O Rd8 13. Ned5 Nxd5 14. Nxd5 Qc5 15. Rfd1 Bg4 16. h3 Bh5 17. g4 Bg6 18. e3 f5 19. Nc7 fxg4 20. Nxa8 Rxa8 21. Qxd6 Qxd6 22. Rxd6 gxh3 23. Bxc6 bxc6 24. Rad1 Ra6 25. R1d5 Rb6 26. Rb5 Rxb5 27. cxb5 cxb5 28. Rd5 Be8 29. Rxe5 Bc6 30. Kh2 Bd7 31. Re7 Bg4 32. Rb7 Be2 33. Kxh3 h5 34. Kh4 Kh7 35. Kg5 a4 36. f4 h4 37. Kxh4 Kg6 38. e4 Bf3 39. Rb6+ 1-0